UK housing market (Record no. 111725)

MARC details
000 -LEADER
fixed length control field 01284cad a22002295a 4500
001 - CONTROL NUMBER
control field L151909
008 - FIXED-LENGTH DATA ELEMENTS--GENERAL INFORMATION
fixed length control field 101222e20101222xxkad f s 000 0 eng u
035 ## - SYSTEM CONTROL NUMBER
System control number (Sirsi) u151909
041 0# - LANGUAGE CODE
Language code of text/sound track or separate title eng
050 04 - LIBRARY OF CONGRESS CALL NUMBER
Classification number 333.33 $2 18
110 1# - MAIN ENTRY--CORPORATE NAME
Corporate name or jurisdiction name as entry element Royal Institution of Chartered Surveyors
Subordinate unit Economics
9 (RLIN) 5033
245 00 - TITLE STATEMENT
Title UK housing market
Remainder of title another year of subdued activity
Medium [electronic resource]
260 ## - PUBLICATION, DISTRIBUTION, ETC.
Place of publication, distribution, etc. London
Name of publisher, distributor, etc. RICS
Date of publication, distribution, etc. 2010
490 #0 - SERIES STATEMENT
Series statement RICS Economics
Volume/sequential designation 22 December 2010
520 ## - SUMMARY, ETC.
Summary, etc. House prices predicted to fall slightly in 2011. The lack of supply in the market is likely to prevent significant house price declines in 2011. The narrowing gap between supply and demand will see the gentle downward trend in prices currently taking place at least partly reversed as the year wears on. Transactions levels will remain flat as mortgage lending remains subdued for another year with many first-time buyers struggling to meet their aspirations of home ownership.
590 ## - LOCAL NOTE (RLIN)
Local note KA
650 24 - SUBJECT ADDED ENTRY--TOPICAL TERM
Topical term or geographic name entry element RICS UK HOUSING MARKET FORECAST
651 #4 - SUBJECT ADDED ENTRY--GEOGRAPHIC NAME
Geographic name United Kingdom
Chronological subdivision
690 ## - LOCAL SUBJECT ADDED ENTRY--TOPICAL TERM (OCLC, RLIN)
Topical term or geographic name as entry element PROPERTY-RESIDENTIAL PROPERTY-RESIDENTIAL PROPERTY MARKET
856 40 - ELECTRONIC LOCATION AND ACCESS
Uniform Resource Identifier <a href="https://www.rics.org/site/download_feed.aspx?fileID=8456&fileExtension=PDF">https://www.rics.org/site/download_feed.aspx?fileID=8456&fileExtension=PDF</a>
Public note View the item free of charge at www.rics.org
942 ## - ADDED ENTRY ELEMENTS (KOHA)
Suppress in OPAC 0
Holdings
Withdrawn status Lost status Source of classification or shelving scheme Damaged status Not for loan Home library Current library Shelving location Date acquired Total Checkouts Full call number Barcode Date last seen Copy number Price effective from Koha item type
    Dewey Decimal Classification     Virtual Virtual Online 22/12/2010   ONLINE PUBLICATION 151909-2001 06/08/2019 1 06/08/2019 Book